=LDR 00000nam 2200000 4500 =001 INLIS000000000000218 =005 20150302092316.0 =006 =007 =008 Ind =035 ##$$0010-061300000000218 =041 ##$$a Ind =082 ##$$a 92(Budiarjo) =090 ##$$a 92(Budiarjo) Bud m =100 ##$$a Budiarjo, Mariam =245 ##$$a Menggapai Kedaulatan Untuk Rakyat, 75 tahun Prof.Mariam Budiarjo / Mariam Budisdjo =260 ##$$aBandung$bIlus$c[19-?] =300 ##$$a xv, 246 hlm. : ilus. ; 21 cm =650 ##$$a Budirjo, Mariam =850 ##$$a NBPNMAT